Parry's valuation and conversion tables (Record no. 115337)

MARC details
000 -LEADER
fixed length control field 00676cam a22002295a 4500
001 - CONTROL NUMBER
control field L158485
008 - FIXED-LENGTH DATA ELEMENTS--GENERAL INFORMATION
fixed length control field 150318 1922
035 ## - SYSTEM CONTROL NUMBER
System control number (Sirsi) u158485
041 ## - LANGUAGE CODE
Language code of text/sound track or separate title eng
100 ## - MAIN ENTRY--PERSONAL NAME
Personal name Parry, Richard
245 ## - TITLE STATEMENT
Title Parry's valuation and conversion tables
250 ## - EDITION STATEMENT
Edition statement 9 ed
260 ## - PUBLICATION, DISTRIBUTION, ETC.
Place of publication, distribution, etc. London
Name of publisher, distributor, etc. Estates Gazette
Date of publication, distribution, etc. 1969
300 ## - PHYSICAL DESCRIPTION
Extent xxxviii,314p. ; 22cm.
520 ## - SUMMARY, ETC.
Summary, etc. Compliation of valuation and conversion tables includes Years Purchase Tables, English Life Tables and Conversion Tables.
590 ## - LOCAL NOTE (RLIN)
Local note KA
650 ## - SUBJECT ADDED ENTRY--TOPICAL TERM
Topical term or geographic name entry element ENGLISH LIFE TABLES
651 #4 - SUBJECT ADDED ENTRY--GEOGRAPHIC NAME
Geographic name United Kingdom
Chronological subdivision
700 1# - ADDED ENTRY--PERSONAL NAME
Personal name Davidson, A.W.
942 ## - ADDED ENTRY ELEMENTS (KOHA)
Suppress in OPAC 0
948 ## - LOCAL PROCESSING INFORMATION (OCLC); SERIES PART DESIGNATOR (RLIN)
c (OCLC) 04/03/1997
Holdings
Withdrawn status Lost status Source of classification or shelving scheme Damaged status Not for loan Home library Current library Shelving location Date acquired Total Checkouts Full call number Barcode Date last seen Copy number Price effective from Koha item type
    Dewey Decimal Classification     London London Basement 18/03/2015   L158485 30076187 06/08/2019 1 06/08/2019 Book